499 = 499 /
Kaydedildi:
| Yazar: | |
|---|---|
| Diğer Yazarlar: | , , , , , , , , , |
| Materyal Türü: | |
| Dil: | İspanyolca |
| Konular: | |
| Etiketler: |
Etiket eklenmemiş, İlk siz ekleyin!
|
MARC
| LEADER | 00000ngm^a2200000^a^4500 | ||
|---|---|---|---|
| 001 | 000590595 | ||
| 005 | 20251020000000.0 | ||
| 009 | 20260310132911.494 | ||
| 037 | |a Acervo ITESO - Biblioteca | ||
| 041 | |a ESP | ||
| 082 | |a 972. 023 |b REY | ||
| 100 | |a Reyes, Rodrigo |e (realización) | ||
| 245 | 1 | 0 | |a 499 = |b 499 / |c Realización de R. Reyes. |
| 264 | 2 | |a Nueva York, EUA : |b Cinema Guild [distribución], |c copyright fecha no identificada | |
| 300 | |a 1 blu-ray región A (88, 27 min.) : |b color + |e 1 folleto (4 p.) | ||
| 336 | |a imagen móvil bidimensional |b tdi |2 rdacontenido | ||
| 337 | |a video |b v |2 rdamedio | ||
| 338 | |a videodisco |b vd |2 rdasoporte | ||
| 546 | |a En español y nahua, con subtítulos opcionales: inglés | ||
| 649 | |a XX | ||
| 650 | |a Conquistadores Españoles | ||
| 650 | |a Gobernadores Coloniales en México | ||
| 650 | |a Políticos Españoles | ||
| 650 | |a Militares Españoles | ||
| 650 | |a Exploradores y Viajeros Españoles | ||
| 650 | |a Indígenas de México - |x Condiciones Sociales y Culturales | ||
| 650 | |a Producción Cinematográfica - |z México | ||
| 650 | |a Making Of (Documentales detrás de Cámaras) | ||
| 650 | |a Docuficciones | ||
| 650 | |a Documentales | ||
| 650 | |a Cine Social y Político | ||
| 650 | |a Cine en Nahua - |z México | ||
| 650 | |a Cine Mexicano - |y 2020-2029 | ||
| 650 | |a Cine Mexicano - |y Siglo XXI | ||
| 650 | |a Cine Mexicano - |x Historia y Crítica | ||
| 650 | |a Viaje en el Tiempo | ||
| 650 | |a Colonialismo - |z México - |x Tema Principal | ||
| 650 | |a Migración - |z México | ||
| 650 | |a Narcotráfico - |z México | ||
| 650 | |a Violencia - |z México | ||
| 650 | |a Problemas Sociales - |z México | ||
| 650 | |a Identidad Nacional - |z México | ||
| 650 | |a Identidad Cultural - |z México | ||
| 650 | |a Memoria Social - |z México | ||
| 650 | |a México - |x Historia - |y Descubrimiento y Conquista, 1517-1521 - |x Tema Principal | ||
| 650 | |a México - |x Historia - |y Epoca Colonial, 1517-1821 | ||
| 650 | |a México - |x Historia | ||
| 650 | |a Cortés, Hernán - |x Tema Principal | ||
| 700 | |a Reyes, Rodrigo |e (guión) | ||
| 700 | |a Padilla, Lorena |e (guión) | ||
| 700 | |a Mejía, Alejandro |e (fotógrafo) | ||
| 700 | |a Chignoli, Andrea |e (montaje) | ||
| 700 | |a Chávez Ontiveros, Daniel |e (montaje) | ||
| 700 | |a Mondragón, Pablo |e (música) | ||
| 700 | |a San Juan, Eduardo |e (actuación) | ||
| 700 | |a Reyes, Rodrigo |e (comentarios) | ||
| 700 | |a Gutiérrez, Carlos A. |e (comentarios) | ||
| 700 | |a Aguilar, Carlos |e (texto del folleto) | ||
| 740 | 0 | |a In the Memory of the Present / |c Texto del folleto de C. Aguilar. | |
| 910 | |a Fondo General | ||
| 920 | |a Audiovisuales - Blu-rays | ||
| 940 | |a Películas | ||
| 905 | |a 303 | ||
| 901 | |a 0500408354 |b IT2 |c BRS |i C186697 |u 20250521 | ||
| 901 | |a 0500408345 |b IT2 |c MIN |i C186698 |u 20251020 | ||
| 902 | |a https://opac.biblio.iteso.mx/vufind/Record/000590595 | ||